Outlook of the Hungarian motorcycle trade

Bibliográfiai részletek
Szerző: Zelenák Tamás
További közreműködők: Gulyásné Csekő dr. Katalin
Dokumentumtípus: Diplomadolgozat
Kulcsszavak:Motorkerékpár
Magyarország
Kockázatelemzés
Primer kutatás
Kereskedelem
Online Access:http://dolgozattar.uni-bge.hu/8568

MARC

LEADER 00000nta a2200000 i 4500
001 dolg8568
005 20200323113236.0
008 161209suuuu hu om 000 eng d
040 |a BGE Dolgozattár Repozitórium  |b hun 
041 |a en 
100 1 |a Zelenák Tamás 
245 1 0 |a Outlook of the Hungarian motorcycle trade  |c Zelenák Tamás  |h [elektronikus dokumentum] 
246 1 1 |a A magyar motorkerékpárok kereskedelmének jövője 
246 1 1 |a Outlook of the Hungarian motorcycle trade 
520 3 |a Szakdolgozatom áttekinti a motorkerékpárok történelmét és az európai kereskedelem és ipar jelenlegi helyzetét. Ezen felül a magyar motorkerékpár-kereskedések egymárkás üzleti modelljét hasonlítja össze a nyugaton bevett többmárkás kereskedések modelljével és azt vizsgálja, hogy a magyar módszer vajon elavult-e. 
695 |a Motorkerékpár 
695 |a  Magyarország  
695 |a Kockázatelemzés 
695 |a Primer kutatás 
695 |a  Kereskedelem 
700 1 |a Gulyásné Csekő dr. Katalin   |e ths 
856 4 0 |u http://dolgozattar.uni-bge.hu/8568/3/Szakdolgozat%20dec.%2009..pdf  |z Dokumentum-elérés